| 000 | 00361pam a2200145 a 4500 | ||
|---|---|---|---|
| 020 |
_a8178552167 _c |
||
| 041 | _h | ||
| 082 |
_a618.2 _bGUP |
||
| 100 | _aGUPTA, S . | ||
| 245 |
_aOBSTETRIC ANAESTHESIA / _cNULL. _hTextual Documents |
||
| 260 |
_aNULL : _bARYA PUB. , _c2004. |
||
| 300 |
_a779 : : _bxv ; ; _cA4 . + _ePB. |
||
| 930 | _a602 | ||
| 999 |
_c795138 _d795138 |
||
| 650 | _aOBST.GYNE | ||